[Event "29th Czech Open A 2018"]
[Site "Pardubice CZE"]
[Date "2018.07.25"]
[Round "6.39"]
[White "Zaitsev, Alexander"]
[Black "Schroeder, Kevin"]
[Result "0-1"]
[WhiteTitle "GM"]
[BlackTitle "FM"]
[WhiteElo "2499"]
[BlackElo "2329"]
[WhiteFideId "4164490"]
[BlackFideId "12929840"]
[EventDate "2018.07.20"]

1. d4 g6 2. c4 Bg7 3. e4 c6 4. Nc3 d5 5. e5 Nh6 6. h3 Be6 7. Qb3 Qb6 8. Nf3 Qxb3
9. axb3 O-O 10. c5 Nd7 11. b4 a6 12. Ng5 Nf5 13. Ne2 Rfb8 14. g4 Nh4 15. Nxe6
fxe6 16. Ra3 h6 17. f4 b6 18. cxb6 Nxb6 19. b3 Nd7 20. Kf2 Rxb4 21. Bd2 Rbb8 22.
Kg3 g5 23. fxg5 hxg5 24. Bxg5 Ng6 25. h4 c5 26. h5 Ngf8 27. h6 Bh8 28. Nf4 cxd4
29. Bd3 Kf7 30. Ng6 Nxg6 31. Rf1+ Kg8 32. Bxg6 Bxe5+ 33. Kh4 Rf8 34. Rxf8+ Nxf8
35. Bd3 Bf6 36. Rxa6 Rxa6 37. Bxa6 e5 38. b4 Ne6 39. Bxf6 exf6 40. Bf1 Kh7 41.
b5 Kxh6 42. b6 Nc5 43. Bb5 e4 44. Kg3 d3 45. Kf2 d4 46. Ke1 e3 47. Bc6 d2+ 48.
Ke2 d3+ 49. Kd1 e2+ 50. Kxd2 Nb3+ 0-1

[Event "29th Czech Open A 2018"]
[Site "Pardubice CZE"]
[Date "2018.07.25"]
[Round "6.41"]
[White "Salimova, Nurgyul"]
[Black "Biolek, Richard Jr."]
[Result "1-0"]
[WhiteTitle "FM"]
[BlackTitle "IM"]
[WhiteElo "2317"]
[BlackElo "2469"]
[WhiteFideId "2915138"]
[BlackFideId "319996"]
[EventDate "2018.07.20"]

1. e4 c5 2. Nf3 e6 3. d4 cxd4 4. Nxd4 Nc6 5. Nc3 Qc7 6. Be2 a6 7. O-O Nf6 8. Be3
Be7 9. f4 d6 10. g4 d5 11. e5 Nd7 12. Qd2 O-O 13. Bf3 Rb8 14. Nce2 b5 15. Nxc6
Qxc6 16. Bd4 Bc5 17. Rae1 Re8 18. Kh1 Bb7 19. c3 Qc7 20. Ng3 Rbc8 21. Qg2 Qb6
22. Rd1 b4 23. f5 exf5 24. Bxd5 Bxd5 25. Qxd5 Bxd4 26. cxd4 Qc6 27. Qxc6 Rxc6
28. Nxf5 Rc2 29. Nd6 Rf8 30. Rd3 Rxb2 31. Rb3 Rxb3 32. axb3 Nb6 33. Ra1 Ra8 34.
Ra5 Kf8 35. Kg2 Ke7 36. Kf3 f6 37. Ke4 fxe5 38. Nf5+ Kf7 39. dxe5 g6 1-0

[Event "29th Czech Open A 2018"]
[Site "Pardubice CZE"]
[Date "2018.07.25"]
[Round "6.42"]
[White "Merry, Alan B"]
[Black "Kathmale, Sameer"]
[Result "1-0"]
[WhiteTitle "IM"]
[BlackTitle "IM"]
[WhiteElo "2462"]
[BlackElo "2323"]
[WhiteFideId "418811"]
[BlackFideId "5024498"]
[EventDate "2018.07.20"]

1. e4 c6 2. d4 d5 3. e5 Bf5 4. Nd2 e6 5. Nb3 Nd7 6. f4 a6 7. Nf3 Rc8 8. Be2 c5
9. c3 h5 10. O-O Nh6 11. h3 c4 12. Nbd2 Bg6 13. Qe1 Nf5 14. Qf2 h4 15. Ng5 Be7
16. Ndf3 Nf8 17. Nh2 b5 18. Re1 b4 19. Bg4 bxc3 20. bxc3 Qa5 21. Bd2 Bxg5 22.
fxg5 Ng3 23. Nf3 Ne4 24. Qe3 Rb8 25. Reb1 Rxb1+ 26. Rxb1 Nd7 27. Rb7 Qxa2 28.
Be1 Qa1 29. Kh2 Ng3 30. Bxg3 hxg3+ 31. Kxg3 Ke7 32. Nh4 a5 33. Nxg6+ fxg6 34.
Qf3 Rd8 35. Kh2 a4 36. Ra7 a3 37. Bxe6 Kxe6 38. Ra6+ Ke7 39. e6 Nf6 40. gxf6+
gxf6 41. Qg3 1-0

[Event "29th Czech Open A 2018"]
[Site "Pardubice CZE"]
[Date "2018.07.25"]
[Round "6.43"]
[White "Petr, Martin"]
[Black "Vusatiuk, Vladimir"]
[Result "1-0"]
[WhiteTitle "GM"]
[BlackTitle "IM"]
[WhiteElo "2456"]
[BlackElo "2321"]
[WhiteFideId "318299"]
[BlackFideId "14118610"]
[EventDate "2018.07.20"]

1. e4 e5 2. Bc4 Nf6 3. Nc3 Nc6 4. d3 Na5 5. Nge2 Nxc4 6. dxc4 Bc5 7. O-O h6 8.
Qd3 d6 9. Na4 Be6 10. b3 Nd7 11. Kh1 O-O 12. Ng3 Qe7 13. f4 exf4 14. Bxf4 Ne5
15. Qd2 Ng6 16. Bxh6 gxh6 17. Nxc5 dxc5 18. Qxh6 Bg4 19. Nf5 Bxf5 20. exf5 Qh4
21. Qxh4 Nxh4 22. Rf4 Ng6 23. fxg6 fxg6 24. Rxf8+ Rxf8 25. Kg1 Rd8 26. Re1 Rd2
27. Re7 Rxc2 28. Rxc7 b5 29. Rxc5 bxc4 30. Rc8+ Kf7 31. Rxc4 Rxa2 32. Ra4 Rb2
33. Rxa7+ Kf6 34. Rb7 Kg5 35. h3 Rc2 36. Rb5+ Kh6 37. h4 Rd2 38. Kh2 Rd3 39. g3
Rd2+ 40. Kh3 Rd4 41. Rb7 Re4 42. Kg2 Re3 43. b4 Rc3 44. Rf7 Rb3 45. Rf4 Kh5 46.
Re4 Rd3 47. Re5+ Kh6 48. Rg5 Rb3 49. b5 1-0

[Event "29th Czech Open A 2018"]
[Site "Pardubice CZE"]
[Date "2018.07.25"]
[Round "6.44"]
[White "Kraus, Tomas"]
[Black "Barp, Alberto"]
[Result "1-0"]
[WhiteTitle "IM"]
[BlackTitle "FM"]
[WhiteElo "2442"]
[BlackElo "2317"]
[WhiteFideId "331708"]
[BlackFideId "872555"]
[EventDate "2018.07.20"]

1. d4 d5 2. Bf4 c5 3. e3 Nc6 4. c3 Nf6 5. Nd2 e6 6. Ngf3 cxd4 7. exd4 Nh5 8. Bg5
f6 9. Be3 Bd6 10. Bb5 Nf4 11. O-O O-O 12. Re1 Ne7 13. Bf1 Nfg6 14. c4 Kh8 15.
Rc1 Bd7 16. Nb1 Rc8 17. Bd2 Re8 18. Qb3 Qb6 19. Nc3 Qxb3 20. axb3 Kg8 21. g3 Kf7
22. Ra1 Bb8 23. Na4 b6 24. c5 Bxa4 25. Rxa4 bxc5 26. Ba6 cxd4 27. Bxc8 Rxc8 28.
Nxd4 e5 29. Nb5 Rc2 30. Bc3 d4 31. Na3 dxc3 32. Nxc2 cxb2 33. Ne3 f5 34. Nc4 e4
35. Nxb2 Ne5 36. Rd1 N7c6 37. Kg2 g5 38. Rd5 Ke6 39. Rb5 Bc7 40. Nc4 Nd3 41. Ra6 1-0

[Event "29th Czech Open A 2018"]
[Site "Pardubice CZE"]
[Date "2018.07.25"]
[Round "6.46"]
[White "Kozusek, Daniel"]
[Black "Kopylov, Michael"]
[Result "1-0"]
[BlackTitle "IM"]
[WhiteElo "2302"]
[BlackElo "2426"]
[WhiteFideId "349500"]
[BlackFideId "14105080"]
[EventDate "2018.07.20"]

1. d4 Nf6 2. c4 c5 3. d5 e6 4. Nc3 exd5 5. cxd5 d6 6. Nf3 g6 7. Bf4 a6 8. Nd2
Nh5 9. Qa4+ Qd7 10. Qe4+ Kd8 11. Nc4 Kc7 12. a4 Nxf4 13. Qxf4 Qf5 14. Qd2 Bg7
15. e4 Bxc3 16. Qxc3 Qxe4+ 17. Be2 Bg4 18. f3 Bxf3 19. Qa5+ Kd7 20. Nb6+ Ke7 21.
gxf3 Qh4+ 22. Kd2 Re8 23. Rae1 Kf8 24. Qc3 Qf2 25. Rhf1 Qxh2 26. Kd1 Kg8 27. Bd3 1-0

[Event "29th Czech Open A 2018"]
[Site "Pardubice CZE"]
[Date "2018.07.25"]
[Round "6.47"]
[White "Mertanen, Janne"]
[Black "Matviishen, Viktor"]
[Result "1/2-1/2"]
[WhiteTitle "FM"]
[BlackTitle "IM"]
[WhiteElo "2292"]
[BlackElo "2423"]
[WhiteFideId "501875"]
[BlackFideId "14129850"]
[EventDate "2018.07.20"]

1. d4 Nf6 2. c4 e6 3. Nc3 Bb4 4. Nf3 b6 5. e3 Bb7 6. Bd3 Ne4 7. O-O Bxc3 8. bxc3
f5 9. Ne1 O-O 10. f3 Nf6 11. Qe2 d6 12. e4 fxe4 13. fxe4 e5 14. c5 bxc5 15. dxe5
dxe5 16. Nf3 Nbd7 17. Bc4+ Kh8 18. Ng5 Qe7 19. Ne6 Nxe4 20. Nxf8 Rxf8 21. Rxf8+
Qxf8 22. Be3 Qe8 23. Rf1 Ndf6 24. Qb2 Qc6 25. Qb5 Qxb5 26. Bxb5 Nxc3 27. Bc4 Bd5
28. Bxd5 Ncxd5 29. Bxc5 a6 30. Rf3 Nd7 31. Rd3 c6 32. Be3 Kg8 33. Ra3 Kf7 34.
Kf2 Nc7 35. Rc3 c5 36. Bxc5 Nd5 37. Rc4 N7f6 38. Ba7 Kg6 39. Ra4 Kf5 40. Rxa6
Ne4+ 41. Kf1 Nd2+ 42. Ke2 Nc4 43. Rc6 Nf4+ 44. Kf1 Nd2+ 45. Kg1 Ke4 46. a4 Kd5
47. Rc7 Nc4 48. a5 Ne6 49. Rd7+ Kc6 50. Re7 Kd6 51. Rxe6+ Kxe6 52. a6 Kd5 53.
Bf2 Kc6 54. a7 Kb7 55. Kf1 e4 56. Ke2 Nd6 57. Bd4 Nf5 58. Bc5 h5 59. g3 g5 60.
Kd2 g4 61. Bf2 e3+ 62. Bxe3 h4 63. gxh4 Nxh4 64. Ke2 Nf3 1/2-1/2

[Event "29th Czech Open A 2018"]
[Site "Pardubice CZE"]
[Date "2018.07.25"]
[Round "6.48"]
[White "Slovak, Kilian"]
[Black "Domogaev, Sergey"]
[Result "1-0"]
[BlackTitle "GM"]
[WhiteElo "2285"]
[BlackElo "2414"]
[WhiteFideId "365440"]
[BlackFideId "24103608"]
[EventDate "2018.07.20"]

1. e4 c5 2. Nf3 Nc6 3. d4 cxd4 4. Nxd4 Qb6 5. Nb3 Nf6 6. Nc3 e6 7. Be3 Qc7 8.
Bd3 d6 9. O-O a6 10. a4 b6 11. f4 Be7 12. Kh1 Bb7 13. Rf3 h5 14. Qg1 Bd8 15. Qe1
Ng4 16. Bg1 Ne7 17. Nd2 g5 18. Nc4 Nc8 19. fxg5 Bxg5 20. Qg3 Bd8 21. Raf1 f6 22.
Bd4 Rg8 23. h3 Nh6 24. Qh4 Qg7 25. Qxh5+ Nf7 26. R3f2 Rh8 27. Qe2 Ng5 28. Qg4
Rh6 29. Kg1 Rg6 30. Qh5 Kd7 31. e5 f5 32. exd6 Bf6 33. Bxf6 Rxf6 34. Kh2 Rh6 35.
Qe2 Qh7 36. Qe3 Nf7 37. Bxf5 exf5 38. Nxb6+ Nxb6 39. Qe7+ 1-0

[Event "29th Czech Open A 2018"]
[Site "Pardubice CZE"]
[Date "2018.07.25"]
[Round "6.49"]
[White "Drnovsek, Gal"]
[Black "Risting, Eivind Olav"]
[Result "1-0"]
[WhiteTitle "IM"]
[BlackTitle "FM"]
[WhiteElo "2414"]
[BlackElo "2317"]
[WhiteFideId "14607077"]
[BlackFideId "1517333"]
[EventDate "2018.07.20"]

1. c4 Nf6 2. Nc3 e6 3. d4 Bb4 4. Qc2 O-O 5. Nf3 d6 6. Bd2 b6 7. g3 Bb7 8. Bg2
Nbd7 9. O-O Bxc3 10. Bxc3 Ne4 11. Rfd1 Nxc3 12. Qxc3 Qe7 13. Rac1 Nf6 14. Qe3
Rfe8 15. Rc2 Rad8 16. Rcd2 c5 17. dxc5 bxc5 18. Ne1 Bxg2 19. Kxg2 h6 20. Nd3 Qc7
21. h3 Nd7 22. Nf4 Ne5 23. Qc3 Qe7 24. b3 Nc6 25. Nd3 Qc7 26. Ne1 Rd7 27. Nf3 a5
28. g4 Qd8 29. Qe3 Qe7 30. Qe4 Rc8 31. e3 a4 32. bxa4 Na5 33. Rb1 Qd8 34. Rbd1
Qe7 35. Rb2 Qd8 36. Rb5 d5 37. cxd5 exd5 38. Qf5 g6 39. Qf4 Kg7 40. Qe5+ Kg8 41.
Qf4 Kg7 42. h4 Nc4 43. g5 h5 44. Ne5 Nxe5 45. Qxe5+ Kg8 46. a5 Kh7 47. a4 Ra8
48. Rxc5 Rxa5 49. Rxa5 Qxa5 50. Rd4 Qd8 51. Rb4 Re7 52. Qf6 Qd7 53. Rf4 Kg8 54.
Qd4 Qb7 55. Qb4 Qd7 56. a5 Re6 57. Qa4 Qc7 58. Qb5 Re4 59. Rxe4 dxe4 60. Qd5 Qc2
61. Kg3 Qc7+ 62. Kg2 Qc2 63. Qd8+ Kg7 64. Qf6+ Kg8 65. Qd8+ Kg7 66. Qd6 Kg8 67.
Qe5 Kh7 68. Kg3 Kg8 69. Qe8+ Kg7 70. Qe5+ Kg8 71. Qb8+ Kg7 72. Qb7 Kg8 73. Kg2
Kg7 74. Qb4 Qc6 75. Qd4+ Kg8 76. Kh1 Qc1+ 77. Kg2 Qc6 78. Qb4 Qe6 79. Kf1 Qc6
80. Qa3 Qc2 81. Qa1 Qc4+ 82. Ke1 Qb4+ 83. Kf1 Qc4+ 84. Ke1 Qb4+ 85. Ke2 Qc4+ 86.
Kd2 Qa6 87. Ke1 Kh7 88. Qa3 Kg8 89. Qc3 Qe6 90. Kd1 Qa2 91. Ke1 Qb1+ 92. Kd2
Qa2+ 93. Kc1 Qxf2 94. Qd2 Qf1+ 95. Kb2 Qb5+ 96. Ka3 Qc5+ 97. Kb3 Qb5+ 98. Qb4
Qd3+ 99. Qc3 Qb5+ 100. Ka3 Kh7 101. Qc7 Qd3+ 102. Kb4 Qd2+ 103. Kb5 Qd3+ 104.
Kc6 Qc3+ 105. Kb7 Qb3+ 106. Kc8 Qe6+ 107. Kb8 Qb3+ 108. Qb6 Qd5 109. a6 Qe5+
110. Kb7 Qd5+ 111. Kc8 Qf5+ 112. Kd8 Qd5+ 113. Ke7 Kg7 114. Qb2+ Kg8 115. Qb8+
Kg7 116. Qf8+ 1-0

[Event "29th Czech Open A 2018"]
[Site "Pardubice CZE"]
[Date "2018.07.25"]
[Round "6.50"]
[White "Dhulipalla, Bala Chandra Prasad"]
[Black "Erenberg, Ariel"]
[Result "1-0"]
[WhiteTitle "IM"]
[BlackTitle "IM"]
[WhiteElo "2268"]
[BlackElo "2413"]
[WhiteFideId "25005812"]
[BlackFideId "2811634"]
[EventDate "2018.07.20"]

1. d4 Nf6 2. c4 e6 3. g3 d5 4. Nf3 Bb4+ 5. Bd2 Be7 6. Bg2 O-O 7. O-O c6 8. Qc2
Nbd7 9. Bf4 b6 10. Rd1 Ba6 11. Ne5 Rc8 12. cxd5 cxd5 13. Nc6 Qe8 14. Nxe7+ Qxe7
15. Nc3 Nh5 16. Be3 Nb8 17. Rac1 Nf6 18. Bf4 Nc6 19. Qa4 Na5 20. b3 Qd7 21. Qxd7
Nxd7 22. e4 dxe4 23. Nxe4 Rxc1 24. Rxc1 Rc8 25. Rxc8+ Bxc8 26. Nd6 Ba6 27. b4
Nc4 28. b5 Nxd6 29. bxa6 Nf5 30. Bc6 Nf6 31. Be5 Ne7 32. Bb7 Nd7 33. Bc7 Kf8 34.
Kf1 Ke8 35. Ke2 Nf6 36. Bxb6 Kd7 37. Bxa7 Kc7 38. Bc5 Nc6 39. Ba8 Na5 40. Kd3
Nd5 41. h3 g6 42. Bxd5 exd5 43. Ke3 1-0

[Event "29th Czech Open A 2018"]
[Site "Pardubice CZE"]
[Date "2018.07.25"]
[Round "6.51"]
[White "Plischki, Sebastian"]
[Black "Westerinen, Heikki M.J."]
[Result "1-0"]
[WhiteTitle "IM"]
[BlackTitle "GM"]
[WhiteElo "2413"]
[BlackElo "2310"]
[WhiteFideId "4637143"]
[BlackFideId "500020"]
[EventDate "2018.07.20"]

1. Nf3 Nf6 2. c4 g6 3. d4 Bg7 4. g3 O-O 5. Bg2 d6 6. O-O Nc6 7. Nc3 Bf5 8. d5
Na5 9. Nd2 c5 10. e4 Bd7 11. Qc2 e5 12. b3 Ng4 13. Bb2 f5 14. exf5 gxf5 15. h3
Nh6 16. Ne2 b6 17. f4 Nb7 18. Rae1 Qc7 19. Nf3 Rae8 20. Qd2 Nf7 21. Bc3 e4 22.
Nh2 Nh6 23. Bxg7 Kxg7 24. Nc3 Qd8 25. g4 Qh4 26. gxf5 Bxf5 27. Nxe4 Bxe4 28.
Qc3+ Kf7 29. Rxe4 Rxe4 30. Bxe4 Rg8+ 31. Bg2 Nf5 32. Qe1 Qxe1 33. Rxe1 Nh4 34.
Re2 h5 35. Nf1 Nf3+ 36. Kf2 Nd4 37. Re3 h4 38. Nd2 Kf6 39. Nf3 Nxf3 40. Bxf3 Rg3
41. Bg4 Rxe3 42. Kxe3 Nd8 43. Bh5 Kf5 44. Kf3 a6 45. Be8 Nb7 46. Bd7+ Kf6 47.
Kg4 Ke7 48. Bc8 Nd8 49. Bxa6 Kf6 50. Bc8 Nf7 51. Kxh4 Nh8 52. Kg4 1-0

[Event "29th Czech Open A 2018"]
[Site "Pardubice CZE"]
[Date "2018.07.25"]
[Round "6.52"]
[White "Jurek, Josef"]
[Black "Fenil, Shah"]
[Result "0-1"]
[WhiteTitle "IM"]
[BlackTitle "IM"]
[WhiteElo "2277"]
[BlackElo "2411"]
[WhiteFideId "300993"]
[BlackFideId "5019850"]
[EventDate "2018.07.20"]

1. d4 d5 2. Nf3 c6 3. c4 e6 4. Qc2 Nf6 5. g3 dxc4 6. Qxc4 b5 7. Qb3 Bb7 8. Bg2
Nbd7 9. O-O a6 10. a4 c5 11. axb5 Bd5 12. Qd3 c4 13. Qc2 axb5 14. Rxa8 Qxa8 15.
Nc3 Bc6 16. Nh4 b4 17. Nd1 Nb6 18. Bg5 Ne4 19. Bf4 Qb7 20. f3 Nd6 21. e4 Be7 22.
Bxd6 Bxd6 23. f4 Be7 24. Ne3 Qd7 25. Nf3 Bb5 26. Rc1 O-O 27. Qd2 Rd8 28. Bf1 Qb7
29. Nxc4 Nxc4 30. Bxc4 Qxe4 31. Bxb5 Qxf3 32. Bc6 Qb3 33. Kg2 Bf6 34. Qc2 Qe3
35. d5 exd5 36. Bb5 b3 37. Qe2 Qxc1 0-1

[Event "29th Czech Open A 2018"]
[Site "Pardubice CZE"]
[Date "2018.07.25"]
[Round "6.53"]
[White "Yankelevich, Lev"]
[Black "Gombocz, Ferenc Jr."]
[Result "1-0"]
[WhiteTitle "IM"]
[BlackTitle "FM"]
[WhiteElo "2411"]
[BlackElo "2301"]
[WhiteFideId "24684074"]
[BlackFideId "775029"]
[EventDate "2018.07.20"]

1. d4 d5 2. c4 c6 3. Nf3 Nf6 4. Nc3 a6 5. a4 e6 6. g3 a5 7. Bg2 Be7 8. O-O O-O
9. Bf4 Na6 10. Ne5 Nd7 11. Nxd7 Bxd7 12. Qb3 Nb4 13. e4 dxc4 14. Qxc4 b5 15. Qe2
Qb6 16. d5 Bc5 17. d6 Bd4 18. e5 Bxc3 19. bxc3 Nd5 20. Bd2 Qc5 21. Rfc1 bxa4 22.
c4 Nb4 23. Rxa4 Rfb8 24. Be4 g6 25. Rca1 Qxe5 26. Bf4 Qc5 27. Rd1 Nd5 28. Be5
Nb6 29. Bd4 Qg5 30. Ra3 a4 31. h4 Qa5 32. c5 Nd5 33. Bxd5 exd5 34. Qe5 f6 35.
Qxf6 1-0

[Event "29th Czech Open A 2018"]
[Site "Pardubice CZE"]
[Date "2018.07.25"]
[Round "6.54"]
[White "Furman, Boris"]
[Black "Tomazini, Zan"]
[Result "0-1"]
[WhiteTitle "FM"]
[BlackTitle "IM"]
[WhiteElo "2214"]
[BlackElo "2406"]
[WhiteFideId "4107187"]
[BlackFideId "14608162"]
[EventDate "2018.07.20"]

1. d4 Nf6 2. c4 Nc6 3. Nc3 e5 4. d5 Ne7 5. Nf3 Ng6 6. h4 h5 7. Bg5 d6 8. e3 Bf5
9. Bd3 Bxd3 10. Qxd3 Be7 11. Bxf6 Bxf6 12. g3 Qd7 13. Nd2 Be7 14. e4 Nf8 15. Nf1
Nh7 16. Ne3 Nf6 17. O-O-O a6 18. Kb1 O-O 19. f4 b5 20. f5 Rfb8 21. g4 hxg4 22.
h5 bxc4 23. Nxc4 a5 24. h6 g6 25. Rdf1 Kh7 26. Rf2 Rf8 27. Qg3 gxf5 28. Rxf5 Rg8
29. Ne3 Rab8 30. Rh4 Kh8 31. a3 Rb3 32. Rh2 Nxe4 33. Nxe4 Rxe3 34. Qxe3 Qxf5 35.
Rf2 Qg6 0-1

[Event "29th Czech Open A 2018"]
[Site "Pardubice CZE"]
[Date "2018.07.25"]
[Round "6.55"]
[White "Manik, Mikulas"]
[Black "Mladek, Richard"]
[Result "1/2-1/2"]
[WhiteTitle "GM"]
[WhiteElo "2400"]
[BlackElo "2299"]
[WhiteFideId "14900734"]
[BlackFideId "386588"]
[EventDate "2018.07.20"]

1. e4 c5 2. Nf3 d6 3. Bb5+ Nd7 4. O-O Nf6 5. Re1 a6 6. Bf1 b5 7. d4 cxd4 8. Nxd4
e5 9. Nf5 Nc5 10. Bg5 Ncxe4 11. Nxg7+ Bxg7 12. Rxe4 Bb7 13. Nc3 Bxe4 14. Nxe4 d5
15. Bxf6 Bxf6 16. Qxd5 O-O 17. Bd3 Qe7 18. Re1 Bg7 19. Ng3 Qb4 20. Re4 Qxb2 21.
h4 Qa1+ 22. Kh2 Rad8 23. Qc6 Qxa2 24. Rg4 Qe6 25. Qf3 Kh8 26. Bf5 Qh6 27. Be4
Rg8 28. Nf5 Qf6 29. Rg5 Bf8 30. Rh5 Rg6 31. g4 Rd2 32. g5 Qe6 33. Ne3 Bc5 34.
Ng4 Kg7 35. Kh1 a5 36. Bf5 e4 37. Bxe4 Bd4 38. c3 Be5 39. Nxe5 Qxe5 40. Rxh7+
Kxh7 41. Qxf7+ Qg7 42. Bxg6+ Kh8 43. Qe8+ 1/2-1/2

[Event "29th Czech Open A 2018"]
[Site "Pardubice CZE"]
[Date "2018.07.25"]
[Round "6.56"]
[White "Volotovsky, Kirill"]
[Black "Grekh, Andrey"]
[Result "0-1"]
[BlackTitle "IM"]
[WhiteElo "2214"]
[BlackElo "2400"]
[WhiteFideId "14151634"]
[BlackFideId "14112418"]
[EventDate "2018.07.20"]

1. e4 c5 2. Nf3 Nc6 3. d4 cxd4 4. Nxd4 Qb6 5. Nb3 Nf6 6. Nc3 e6 7. g3 Bb4 8. Bg2
O-O 9. O-O a6 10. Bg5 Be7 11. Be3 Qc7 12. f4 d6 13. a4 b6 14. g4 Nd7 15. g5 Rd8
16. Qe2 Na5 17. Nxa5 bxa5 18. Rad1 Rb8 19. Bd4 Rb4 20. Kh1 Bb7 21. Qf2 Bf8 22.
b3 Ba8 23. Rd3 g6 24. Rh3 Bg7 25. Bxg7 Kxg7 26. Na2 Rxe4 27. Bxe4 Bxe4+ 28. Kg1
Ba8 29. Rc3 Qb7 30. Qg3 Nc5 31. Rd1 Qh1+ 0-1

[Event "29th Czech Open A 2018"]
[Site "Pardubice CZE"]
[Date "2018.07.25"]
[Round "6.57"]
[White "Stetsko, Lanita"]
[Black "Rahul, Srivatshav P"]
[Result "0-1"]
[WhiteTitle "FM"]
[BlackTitle "IM"]
[WhiteElo "2200"]
[BlackElo "2397"]
[WhiteFideId "13505300"]
[BlackFideId "25059653"]
[EventDate "2018.07.20"]

1. e4 g6 2. d4 Bg7 3. Nf3 d6 4. Nc3 a6 5. Be3 b5 6. a4 b4 7. Nd5 Bb7 8. Bd3 a5
9. h4 h5 10. Ng5 Nd7 11. c3 Ngf6 12. Nf4 e6 13. cxb4 Qe7 14. bxa5 e5 15. Ne2
exd4 16. Bxd4 O-O 17. O-O Nc5 18. b4 Nxd3 19. Qxd3 c5 20. bxc5 dxc5 21. Bc3 Nxe4
22. Bxg7 Kxg7 23. Qe3 Rfe8 24. Rfb1 Qf6 25. Ra3 Nd6 26. Qf4 Rxe2 27. Qxf6+ Kxf6
28. Rd3 Rd8 29. Rxd6+ Rxd6 30. Rxb7 Rd1+ 31. Kh2 Re8 32. Rxf7+ Ke5 33. Nf3+ Kd6
34. a6 c4 35. Rf6+ Kc5 36. Rf7 Rd6 37. a7 Ra6 38. Rc7+ Kd5 39. Nd2 Rxa4 40. f3
Ra8 41. Ne4 R8xa7 42. Nc3+ Ke5 43. f4+ Kxf4 44. Rc5 Ke3 45. Nxa4 Rxa4 46. Rc6
Kd4 47. Rxg6 c3 48. Rd6+ Kc5 0-1

[Event "29th Czech Open A 2018"]
[Site "Pardubice CZE"]
[Date "2018.07.25"]
[Round "6.58"]
[White "Chekletsov, Ilya"]
[Black "Gomes, Mary Ann"]
[Result "0-1"]
[WhiteTitle "IM"]
[BlackTitle "WGM"]
[WhiteElo "2395"]
[BlackElo "2284"]
[WhiteFideId "24177156"]
[BlackFideId "5013623"]
[EventDate "2018.07.20"]

1. d4 f5 2. Bg5 g6 3. Nc3 Bg7 4. h4 h6 5. Bf4 d6 6. Nf3 Nf6 7. Qd2 c6 8. O-O-O
b5 9. e3 b4 10. Ne2 Ne4 11. Qe1 Qa5 12. Kb1 Be6 13. Nc1 Nd7 14. Nd2 Nxd2+ 15.
Qxd2 Nf6 16. f3 c5 17. Nb3 Qb6 18. dxc5 dxc5 19. c4 a5 20. Bd3 a4 21. Nc1 a3 22.
b3 Nh5 23. Bh2 Bf7 24. g4 Qf6 25. Rdg1 Qa1+ 26. Kc2 Bc3 27. Qe2 O-O-O 28. Bb8 f4
29. gxh5 Qb2+ 30. Kd1 Rxd3+ 31. Qxd3 Rd8 0-1

[Event "29th Czech Open A 2018"]
[Site "Pardubice CZE"]
[Date "2018.07.25"]
[Round "6.59"]
[White "Yelisieiev, Yevhenii"]
[Black "Suleymanli, Aydin"]
[Result "0-1"]
[WhiteTitle "FM"]
[BlackTitle "FM"]
[WhiteElo "2379"]
[BlackElo "2266"]
[WhiteFideId "14139642"]
[BlackFideId "13413937"]
[EventDate "2018.07.20"]

1. d4 Nf6 2. Nf3 c5 3. d5 e6 4. c4 exd5 5. cxd5 d6 6. g3 g6 7. Bg2 Bg7 8. O-O
O-O 9. Nc3 Re8 10. Nd2 a6 11. a4 Nbd7 12. Nc4 Ne5 13. Na3 Bd7 14. h3 b5 15. f4
Neg4 16. hxg4 b4 17. g5 Nh5 18. Ne4 Rxe4 19. Bxe4 Nxg3 20. Qd3 bxa3 21. Qxg3
axb2 22. Bxb2 Bxb2 23. Rab1 Rb8 24. Bc2 Rb4 25. Kg2 Qe8 26. e3 Bxa4 27. Bxa4
Qxa4 28. Rf2 Qa2 29. Rd1 Qb3 30. Qf3 Qa4 31. Rdd2 Qb5 32. f5 Qb7 33. Qh3 Be5 34.
Rf1 Qe7 35. f6 Qf8 36. Qd7 Qb8 37. Rh1 h5 38. gxh6 Rb7 39. h7+ Kh8 40. Qc6 Rb6
41. Qa4 Qc8 42. Qh4 Rb4 43. e4 Rb3 44. Rh3 c4 45. Rc2 c3 46. Re3 Rb2 47. Ree2
Qd8 48. Kf3 Bxf6 49. Qf4 Qe7 50. Qg4 Be5 51. Rxb2 cxb2 52. Qc8+ Kxh7 53. Re1 Qh4
54. Rg1 Qf4+ 55. Ke2 Qh2+ 56. Kf3 Qf4+ 57. Ke2 Qxe4+ 58. Kf2 Bd4+ 59. Kg3 Qe3+
60. Kh4 Bf6+ 0-1

[Event "29th Czech Open A 2018"]
[Site "Pardubice CZE"]
[Date "2018.07.25"]
[Round "6.60"]
[White "Head, Louise"]
[Black "Reuker, Jari"]
[Result "1/2-1/2"]
[WhiteTitle "WFM"]
[WhiteElo "2097"]
[BlackElo "2377"]
[WhiteFideId "424773"]
[BlackFideId "12909300"]
[EventDate "2018.07.20"]

1. d4 Nf6 2. c4 e6 3. Nf3 d5 4. Nc3 Bb4 5. Bg5 h6 6. Bxf6 Qxf6 7. e3 O-O 8. Rc1
dxc4 9. Bxc4 c5 10. O-O cxd4 11. Nxd4 Bd7 12. Qb3 Nc6 13. Nxc6 Bxc3 14. Qxc3
Bxc6 15. Qxf6 gxf6 16. Rfd1 Rfc8 17. f4 f5 18. Kf2 Kf8 19. Be2 Ke7 20. Bf3 Bxf3
21. Kxf3 b5 22. h3 h5 23. Rxc8 Rxc8 24. Rd2 Rc1 25. Kg3 Re1 26. Kh4 Rxe3 27.
Kxh5 Re4 28. Rf2 Kf6 29. g4 Re3 30. h4 Rd3 31. gxf5 Kxf5 32. Kh6 Rh3 33. h5 Kf6
34. Rg2 Rh4 35. Rf2 a5 36. Rf3 a4 37. a3 Kf5 38. Kg7 Rxh5 39. Kxf7 Rh7+ 40. Ke8
Ke4 41. Rf2 Ke3 42. Rf1 Ke2 43. Rc1 Kd2 44. Rc6 Rh4 45. Rb6 Rxf4 46. Rxb5 Kc2
47. Ke7 Re4 48. Kd6 Kb1 49. b3 axb3 50. Rxb3+ Ka2 51. Rb4 Re1 52. a4 Ka3 53. Rh4
Kb3 54. a5 Ra1 55. Rh5 Kb4 56. Kxe6 Rxa5 57. Rxa5 Kxa5 1/2-1/2

[Event "29th Czech Open A 2018"]
[Site "Pardubice CZE"]
[Date "2018.07.25"]
[Round "6.61"]
[White "Rudovskii, Filipp"]
[Black "Cerveny, Martin"]
[Result "1-0"]
[BlackTitle "IM"]
[WhiteElo "1944"]
[BlackElo "2359"]
[WhiteFideId "54121299"]
[BlackFideId "321141"]
[EventDate "2018.07.20"]

1. e4 c5 2. d4 cxd4 3. c3 d3 4. Bxd3 Nc6 5. Nf3 d6 6. O-O g6 7. Bc4 Bg7 8. Bf4
Nf6 9. Nbd2 O-O 10. Rc1 h6 11. h3 Kh7 12. Bh2 e5 13. b4 Qe7 14. Bb3 Be6 15. Ne1
Rad8 16. Nd3 g5 17. Qe2 h5 18. Bc2 Bh6 19. f4 gxf4 20. Nxf4 Kg7 21. Nd5 Bxd5 22.
exd5 Nb8 23. Bg3 Ng8 24. Qe4 f5 25. Rxf5 Rxf5 26. Qxf5 Bxd2 27. Rf1 Kh8 28. Bh4
Qd7 29. Bxd8 Qxf5 30. Rxf5 Kg7 31. Bc7 Nd7 32. Bxd6 Bxc3 33. Rxh5 Ngf6 34. Rg5+
Kf7 35. Bg6+ Kg7 36. Bf5+ Kh6 37. Rg6+ Kh5 38. g4+ Kh4 39. Kg2 Nxd5 40. Bxd7
Nf4+ 41. Kh2 Nxg6 42. Be8 Kg5 43. Bxg6 Kxg6 44. Kg3 Kf6 45. b5 Ke6 46. Bb8 Bd4
47. Kf3 Kd5 48. g5 e4+ 49. Kf4 a6 50. bxa6 bxa6 51. h4 Bg1 52. g6 Bd4 53. h5 e3
54. Kf3 Ke6 55. Bf4 Kf5 56. Bxe3 Bg7 57. Bd2 Bd4 58. Ke2 1-0